| 000 | | | 03523nmc2a22002413x 450 |
| 001 | | | e4f894e5-4f0a-47e8-8196-3338e83236cc |
| 005 | | | 20241003135154.0 |
| 100 | ## | $a | 20240521l18871887k l0rusy0189 ca |
| 101 | 0# | $a | rus |
| 102 | ## | $a | RU |
| 105 | ## | $a | y### |
| 122 | 2# | $a | d |
| 200 | 1# | $a | Дело о разных происшествиях в императорских театрах |
| | $j | 4 февраля - 30 апреля 1887 г. |
| 215 | ## | $a | 6 л. |
| | $d | 36,5х26 см |
| 251 | ## | $c | Дело |
| 300 | ## | $a | Дело |
| 371 | ## | $a | Документ не является опубликованным и широко распространяемым |
| 461 | #0 | $1 | 001RusGRCC00077099 |
| | $1 | 2001 |
| | $a | Канцелярия Министерства Императорского двора |
| | $1 | 251 |
| | $c | Фонд |
| | $1 | 852 |
| | $j | 472 |
| 462 | #0 | $1 | 0018dc9969f-5272-4de1-a3f1-16a738c08fd9 |
| | $1 | 2001 |
| | $a | Канцелярия Министерства Императорского двора. Описи дел третьего отделения третьего стола |
| | $1 | 251 |
| | $c | Опись |
| | $1 | 852 |
| | $j | 27 |
| | $l | 409-1929 |
| 801 | #0 | $a | RU |
| | $b | РГИА |
| | $c | 20240521 |
| | $g | RCR |
| 801 | #1 | $a | RU |
| | $b | ГлавНИВЦ |
| | $c | 20240521 |
| | $2 | rusmarc |
| 801 | #2 | $a | RU |
| | $b | ПБ им. Б.Н. Ельцина |
| | $c | 20241003 |
| | $g | RCR |
| | $2 | rusmarc |
| 850 | ## | $a | РГИА |
| 852 | ## | $a | РГИА |
| | $e | Федеральное казенное учреждение "Российский государственный исторический архив" (РГИА) |
| | $j | 17 |
| 937 | ## | $h | РГИА |
| | $d | 12412338 |
| | $a | ASBIBLIO_SCAN |
| 035 | ## | $a | RusGRCC00077069 |
| 856 | ## | $u | http://readingroom.main.prlib.ru/item.aspx?id_node=n194214025&mode=full |